000 005280000a22001930004500
001 002177
003 MACL
005 20151015123736.0
008 151015b xxu||||| |||| 00| 0 eng d
040 _aMACL
_cMACL
041 _aEnglish
082 _a922/WIL
100 _aWilliams, C.V.
_914934
245 _aJiddu Krishnamurti World Philosopher(1895-1986)
_bHis Life & Thoughts
_cC.V. Williams
260 _aDelhi
_c2004
_bMotilal Banarsidass Publisher,
350 _a495
650 _aBiography
_914935
942 _k922
_cBK
_2ddc
999 _c14092
_d14092